Hands-on morphological image processing / (Record no. 175575)
[ view plain ]
| 000 -LEADER | |
|---|---|
| fixed length control field | 01022 a2200217 4500 |
| 003 - CONTROL NUMBER IDENTIFIER | |
| control field | Nust |
| 005 - DATE AND TIME OF LATEST TRANSACTION | |
| control field | 20170207152506.0 |
| 010 ## - LIBRARY OF CONGRESS CONTROL NUMBER | |
| LC control number | 2003054262 |
| 020 ## - INTERNATIONAL STANDARD BOOK NUMBER | |
| International Standard Book Number | 081944720X (pbk.) |
| 040 ## - CATALOGING SOURCE | |
| Transcribing agency | Nust |
| 082 00 - DEWEY DECIMAL CLASSIFICATION NUMBER | |
| Classification number | 621.367 |
| 100 1# - MAIN ENTRY--PERSONAL NAME | |
| Personal name | Dougherty, Edward R. |
| 245 10 - TITLE STATEMENT | |
| Title | Hands-on morphological image processing / |
| Statement of responsibility, etc. | Edward R. Dougherty, Roberto A. Lotufo. |
| 260 ## - PUBLICATION, DISTRIBUTION, ETC. | |
| Place of publication, distribution, etc. | Bellingham, Wash. : |
| Name of publisher, distributor, etc. | SPIE Optical Engineering Press, |
| Date of publication, distribution, etc. | 2003. |
| 300 ## - PHYSICAL DESCRIPTION | |
| Extent | xvi, 272 p. : |
| Other physical details | ill. ; |
| Dimensions | 26 cm. |
| 440 #0 - SERIES STATEMENT/ADDED ENTRY--TITLE | |
| Title | Tutorial texts in optical engineering ; |
| Volume/sequential designation | v. TT59 |
| 505 ## - FORMATTED CONTENTS NOTE | |
| Formatted contents note | Binary Erosion And Dilation Page 1, Binary Opening And Closing Page 25, Morphological Processing Of Binary Images Page 45, Hit Or Mis Transform Page 79, Gray Scale Morphology Page 91.Morphological Processing Of Gray Scale Images Page 129, Morphological Segmentation Page 163, Granulometries Page 193, Automatic Design Of Morphological Operators Page 227. |
| 538 ## - SYSTEM DETAILS NOTE | |
| System details note | Almirah No.24 and Shelf No.3 |
| 650 #0 - SUBJECT ADDED ENTRY--TOPICAL TERM | |
| Topical term or geographic name entry element | Telecommunication Engineering. |
| 700 1# - ADDED ENTRY--PERSONAL NAME | |
| Personal name | Lotufo, Roberto A. |
| 942 ## - ADDED ENTRY ELEMENTS (KOHA) | |
| Koha item type | Reference |
| Withdrawn status | Lost status | Source of classification or shelving scheme | Damaged status | Not for loan | Collection code | Permanent Location | Current Location | Date acquired | Total Checkouts | Full call number | Barcode | Date last seen | Price effective from | Koha item type |
|---|---|---|---|---|---|---|---|---|---|---|---|---|---|---|
| Military College of Signals (MCS) | Military College of Signals (MCS) | 12/12/2016 | 621.367 DOU | MCS30927 | 12/08/2016 | 12/12/2016 | Book |
